Zborník z prvého česko-slovenského workshopu mladých ekonómov v Belušských Slatinách 2012 Belušské Slatiny 5. 10. 2012
Saved in:
| Corporate Authors: | , |
|---|---|
| Other Authors: | |
| Format: | Book |
| Language: | Slovak English |
| Published: |
Bratislava
Vydavateľstvo EKONÓM
2012
|
| Subjects: | |
| Tags: |
No Tags, Be the first to tag this record!
|
MARC
| LEADER | 00000nlm a2200000 4500 | ||
|---|---|---|---|
| 001 | 0161011 | ||
| 005 | 20250815111234.6 | ||
| 020 | |a 978-80-225-3498-7 | ||
| 041 | 0 | |a slo | |
| 041 | 0 | |a eng | |
| 044 | |a SK | ||
| 245 | 1 | 0 | |a Zborník z prvého česko-slovenského workshopu mladých ekonómov v Belušských Slatinách 2012 |b Belušské Slatiny 5. 10. 2012 |c spracoval Martin Lábaj |
| 264 | 1 | |a Bratislava |b Vydavateľstvo EKONÓM |c 2012 | |
| 300 | |a CD-ROM [114 s.] | ||
| 610 | 2 | 0 | |a banky |
| 610 | 2 | 0 | |a portfólio |
| 610 | 2 | 0 | |a riadenie rizík |
| 610 | 2 | 0 | |a účtovníctvo |
| 610 | 2 | 0 | |a reformy daňové |
| 610 | 2 | 0 | |a modely dynamické |
| 610 | 2 | 0 | |a modelovanie |
| 610 | 2 | 0 | |a zamestnanosť |
| 700 | 1 | |a Lábaj, Martin, 1982- | |
| 110 | 2 | |a EAPG workshop 2012. Česko-slovenský seminár mladých ekonómov | |
| 710 | 2 | |a Národohospodárska fakulta EU. Katedra hospodárskej politiky | |